Statistics for The Lord of the Rings - The Two Towers Quotes

Click here to take the quiz!

General Stats

  • This quiz has been taken 240 times
  • The average score is 12 of 15

Answer Stats

Hint Answer % Correct
That there's some good in this world, Mr. Frodo and it's worth ....... for.fighting
94%
I would cut off your head, Dwarf, if it stood but a little ........ from the ground.higher
94%
The battle of Helm's Deep is over, the battle for ......... is about to begin.middle-earth
93%
It is an army bred for a single purpose: to destroy the world of ...... They will be here by nightfall.men
92%
Look to my coming on the first light of the fifth day, at ..... look to the east.dawn
89%
........ the one place in Middle-Earth we don't want to see any closer the one place we're trying to get to is just where we can't get. Let's face it, Mr. Frodo. We're lost!mordor
89%
.........! He is the lord of all horses and has been my friend through many dangers.shadowfax
85%
I'm wasted on cross-country! We Dwarves are natural ........., very dangerous over short distances.sprinters
85%
The ..... are going to war. It is likely that we go to our doom. The last march of the ......ents
78%
From the lowest dungeon to the highest peak I fought with the ....... of Morgoth until at last I threw down my enemy and smote his ruin upon the mountain sidebalrog
78%
Bring your pretty ...... to my axe.face
76%
It's true you don't see many .......... And in fact, they are so alike in voice and appearance, that they are often mistaken for dwarf men.dwarf women
76%
Our time here is ending, .......'s time is ending. Let her go let her take the ship into the West. Let her bear her love for you to the Undying Lands, there it will be ever green.arwen
76%
He wants the .......... Always he is looking for it. And the ......... is wanting to go back to him, but we mustn't let him have it.precious
74%
Be silent. Keep your forked tongue behind your teeth. I did not pass through fire and death to bandy crooked words with a witless ........worm
56%

Score Distribution

Percentile by Number Answered

Percent of People with Each Score

Your Score History

You have not taken this quiz